Коммутативные нормированные кольца

Dettagli Bibliografici
Autore principale: Гельфанд И. М. Израиль Моисеевич
Altri autori: Райков Д. А. Дмитрий Абрамович, Шилов Г. Е. Георгий Евгеньевич
Riassunto:В предлагаемой книге излагается теория коммутативных нормированных колец с ее применениями к анализу и топологии. В конце книги в виде приложения воспроизведена статья И.М. Гельфанда и М.А. Наймарка "Нормированные кольца с инволюцией и их представления", могущая служить введением в теорию некоммутативных нормированных колец с инволюцией. нига рассчитана на математиков (студентов старших курсов, аспирантов и научных работников), занимающихся функциональным анализом и его приложениями.
Lingua:russo
Pubblicazione: Москва, Физматлит, 2011
Serie:Классика и современность. Математика
Soggetti:
Natura: MixedMaterials Libro
KOHA link:https://koha.lib.tpu.ru/cgi-bin/koha/opac-detail.pl?biblionumber=205558

MARC

LEADER 00000nam0a2200000 4500
001 205558
005 20231101225304.0
010 |a 9785922113311 
035 |a (RuTPU)RU\TPU\book\224027 
090 |a 205558 
100 |a 20111212d2011 k y0rusy50 ca 
101 0 |a rus 
102 |a RU 
105 |a y z 001zy 
200 1 |a Коммутативные нормированные кольца  |f И. М. Гельфанд, Д. А. Райков, Г. Е. Шилов 
210 |a Москва  |c Физматлит  |d 2011 
215 |a 257 с.  |c ил. 
225 1 |a Классика и современность. Математика 
320 |a Библиогр.: с. 257. 
330 |a В предлагаемой книге излагается теория коммутативных нормированных колец с ее применениями к анализу и топологии. В конце книги в виде приложения воспроизведена статья И.М. Гельфанда и М.А. Наймарка "Нормированные кольца с инволюцией и их представления", могущая служить введением в теорию некоммутативных нормированных колец с инволюцией. нига рассчитана на математиков (студентов старших курсов, аспирантов и научных работников), занимающихся функциональным анализом и его приложениями. 
606 1 |a Кольца нормированные  |2 stltpush  |3 (RuTPU)RU\TPU\subj\14794  |9 41124 
610 1 |a коммутативные нормированные кольца 
610 1 |a абсолютно интегрируемые функции 
610 1 |a бикомпактные пространства 
610 1 |a регулярные кольца 
610 1 |a равномерная сходимость 
675 |a 512.7  |v 3 
700 1 |a Гельфанд  |b И. М.  |g Израиль Моисеевич 
701 1 |a Райков  |b Д. А.  |g Дмитрий Абрамович 
701 1 |a Шилов  |b Г. Е.  |g Георгий Евгеньевич 
801 1 |a RU  |b 63413507  |c 20111212 
801 2 |a RU  |b 63413507  |c 20150506  |g RCR 
942 |c BK 
959 |a 99/20111212  |d 1  |e 286,00  |f ЧЗТЛ:1